000 00348nam a22001337a 4500
020 _a9780534951528
040 _cNust
082 _a620.103
_bBOR
100 _aArthur P. Boresi
_913407
245 _aEngineering mechanics statics
260 _aAustralia:
_bBrooks/cole,
_c2001.
650 _aEngineering mechanics statics
_962801
942 _2ddc
_cBK
999 _c611106
_d611106